[Event "Belgrade"]
[Site "Belgrade"]
[Date "1992.??.??"]
[Round "3"]
[White "Vuksanovic, Sanja"]
[Black "Ioseliani, Nana"]
[Result "0-1"]
[WhiteElo "2270"]
[BlackElo "2445"]

1.e4 c5 2.Nf3 e6 3.d4 cxd4 4.Nxd4 a6 5.Bd3 Nf6 6.Qe2 d6 7.O-O Nbd7 8.f4 Qc7
9.c4 Be7 10.b3 O-O 11.Bb2 Re8 12.Nd2 g6 13.Nc2 e5 14.fxe5 Nxe5 15.Bxe5 dxe5
16.Ne3 Nh5 17.Nd5 Bc5+ 18.Kh1 Qd8 19.Qf3 Rf8 20.Rad1 Qg5 21.Be2 Be6 22.Qc3 Bd4
23.Qd3 Bxd5 24.Bxh5 Bc6 25.Bf3 Rad8 26.Qe2 Qe7 27.Nb1 b5 28.Qc2 bxc4 29.bxc4 Qb4
30.Rd3 Ba4 31.Qd2 Qxc4 32.Rc1 Qe6 33.Be2 Bb5 34.Rh3 Bxe2 35.Qxe2 Rc8 36.Rf1 h5
37.Rhf3 Qg4 38.Na3 Rc3 39.Qxa6 Qxe4 40.Nb1 Rxf3 41.gxf3 Qd5 42.Qe2 Rb8 43.Rd1 Rb2
44.Qd3 Qxa2 45.Nd2 Rc2  0-1

[Event "Belgrade"]
[Site "Belgrade"]
[Date "1992.??.??"]
[Round "7"]
[White "Arakhamia, Ketevan"]
[Black "Cramling, Pia"]
[Result "0-1"]
[WhiteElo "2445"]
[BlackElo "2530"]

1.e4 c5 2.Nf3 e6 3.d4 cxd4 4.Nxd4 a6 5.Bd3 Nc6 6.Nxc6 dxc6 7.O-O e5 8.Nd2 Ne7
9.Nc4 Ng6 10.Qh5 Bc5 11.Nxe5 Qa5 12.Bd2 Bxf2+ 13.Rxf2 Qxe5 14.Qxe5+ Nxe5
15.Bb4 Be6 16.Be2 O-O-O 17.Bc3 f6 18.b4 b5 19.a4 Kb7 20.Rff1 Rd7 21.Rfd1 Rhd8
22.Rxd7+ Rxd7 23.Kf2 Bc4 24.Bf3 bxa4 25.Rxa4 Bb5 26.Ra1 Kb6 27.Rd1 Rxd1 28.Bxd1 c5
29.g4 h6 30.h4 g5 31.h5 Bd7 32.Kg3 Bc6 33.Bf3 Ba4 34.Bd1 Kc6 35.Kf2 Kd6 36.Kg3 Nd7
37.Kf3 Ke6 38.Be2 cxb4 39.Bxb4 Ne5+ 40.Ke3 Bb5 41.Bd1 a5 42.Bc5 Nc4+ 43.Kd4 Nb2
44.Bf3 Bf1 45.Ke3 a4 46.Kf2 Bb5 47.Bb4 Ba6 48.Bc5 Ke5 49.Be7 Bb5 50.Kg3 Ke6
51.Bb4 Ba6 52.Bc5 Nc4 53.Kf2 Ke5 54.Bb4 Nd6 55.Bc3+ Ke6 56.Bb4 Bb7 57.Ke3 a3
58.Bc3 a2 59.Ba1 Nc4+ 60.Ke2 Ne5 61.Kf2 Kd6 62.Bd4 Bc6 63.Kg3 Ba4 64.Bd1 Nc4
65.Kf2 Na3 66.Bxf6 Bxc2 67.Ke2 Nc4 68.Bc3 Ne3 69.Kxe3 Bxd1 70.Kd2 Bxg4 71.Kc1 Bxh5
72.Kb2 Bf7  0-1

[Event "Berliner Sommer"]
[Site "Berlin"]
[Date "1992.??.??"]
[Round "?"]
[White "Stoinev, Metodi"]
[Black "Lau, Ralf"]
[Result "0-1"]
[WhiteElo "2400"]
[BlackElo "2520"]

1.e4 c5 2.Nf3 e6 3.d4 cxd4 4.Nxd4 a6 5.Bd3 Nf6 6.O-O Qc7 7.Nc3 Bc5 8.Nb3 Ba7
9.Qe2 Nc6 10.Be3 d6 11.f4 b5 12.a4 b4 13.Nb1 O-O 14.N1d2 e5 15.f5 Bxe3+ 16.Qxe3 Rd8
17.Kh1 Qa7 18.Qg5 h6 19.Qh4 Bb7 20.Rf3 Rac8 21.Raf1 Ne7 22.Rg3 Kh8 23.a5 d5
24.exd5 Nexd5 25.Nc4 e4 26.Be2 Rxc4 27.Bxc4 Ne3 28.Rxe3 Qxe3 29.Re1 Qa7 30.Qf4 Rd7
31.h3 Kg8 32.Kh2 Kh7 33.g4 Bd5 34.Bxd5 Rxd5 35.Rg1 Qd7 36.Rg2 Qb5 37.Qg3 Qc6
38.h4 h5 39.gxh5 Nxh5 40.Qb8 Qf6 41.Rg5 Rxf5 42.Qb6  0-1

[Event "Bogota Lat Cup"]
[Site "Bogota"]
[Date "1992.??.??"]
[Round "7"]
[White "Rodriguez, Amador"]
[Black "Sunye Neto, Jaime"]
[Result "1/2-1/2"]
[WhiteElo "2490"]
[BlackElo "2495"]

1.e4 c5 2.Nf3 e6 3.d4 cxd4 4.Nxd4 a6 5.Bd3 Bc5 6.Nb3 Ba7 7.Qe2 Nc6 8.Be3 Nge7
9.Nc3 b5 10.O-O O-O 11.f4 b4 12.Na4 d6 13.Bxa7 Rxa7 14.Qe3 Rc7 15.Nb6 Bb7
16.Rad1 Nc8 17.Nc4 Rd7 18.e5 N6e7 19.Qh3 g6 20.exd6 Nxd6 21.Nc5 Nxc4 22.Nxd7 Nxb2
23.Qh6 Nd5 24.Qxf8+ Qxf8 25.Nxf8 Nxd1 26.Rxd1 Kxf8 27.g3 Ke7 28.a3 bxa3 29.Ra1 Nb4
30.Rxa3 Bc6 31.Rb3 a5 32.Kf2 Kd6 33.Ke3 e5 34.fxe5+ Kxe5 35.Ra3 a4 36.c3 Nd5+
37.Kd2 f5 38.Be2 Nf6 39.Bd3 Ng4 40.h4 f4 41.gxf4+ Kxf4 42.c4 Ne5 43.Be2 h6
44.Kc3 g5 45.hxg5 hxg5 46.Bd1 g4 47.Bxa4 g3 48.Bxc6 Nxc6 49.Ra8  1/2-1/2

[Event "Bogota Lat Cup"]
[Site "Bogota"]
[Date "1992.??.??"]
[Round "7"]
[White "Milos, Gilberto"]
[Black "Zapata, Alonso"]
[Result "1-0"]
[WhiteElo "2555"]
[BlackElo "2530"]

1.e4 c5 2.Nf3 e6 3.d4 cxd4 4.Nxd4 a6 5.Bd3 Nf6 6.O-O Qc7 7.Qe2 d6 8.c4 Be7
9.Nc3 O-O 10.Kh1 Nbd7 11.f4 b6 12.Bd2 Bb7 13.f5 e5 14.Nc2 Nc5 15.Ne3 b5 16.Ned5 Bxd5
17.Nxd5 Nxd5 18.cxd5 Rfc8 19.Bc2 Qd8 20.Qg4 Nd7 21.Rac1 Nf6 22.Qe2 h6 23.a4 Qb6
24.Be3 Qa5 25.Bd2 Rxc2 26.Rxc2 Qxa4 27.Qd3 Qxe4 28.Qxe4 Nxe4 29.Ba5 Nf6 30.Rd1 Kf8
31.g3 Ke8 32.Rc6 h5 33.h3 Ra7 34.Kg2 Kd7 35.Rc2 Bd8 36.Bxd8 Kxd8 37.Kf3 g5
38.fxg6 fxg6 39.Rc6 Kd7 40.Rb6 g5 41.Rd2 Ke7 42.Rd1 Nd7 43.Rc6 a5 44.Rdc1 Nf6
45.Rc7+ Rxc7 46.Rxc7+ Kd8 47.Rb7 b4 48.Ra7 a4 49.Rxa4 g4+ 50.hxg4 hxg4+ 51.Ke2 Nxd5
52.Ra5 Ne7 53.Rb5 Nc6 54.Rb7 d5 55.Kd3 Kc8 56.Rg7 Kd8 57.Rxg4 Kc7 58.Rg6 Kb6
59.g4 Kc5 60.g5 e4+ 61.Ke3 Nd4 62.Ra6 Nf5+ 63.Kf4 Ng7 64.g6 Nh5+ 65.Ke3 d4+
66.Kxe4 Ng7 67.Kf3  1-0

[Event "SWE-chB"]
[Site "Borlange"]
[Date "1992.??.??"]
[Round "12"]
[White "Engstrom, Kaj"]
[Black "Nordstrom, Felix"]
[Result "1-0"]
[WhiteElo "2260"]
[BlackElo "2220"]

1.e4 c5 2.Nf3 e6 3.d4 cxd4 4.Nxd4 a6 5.Bd3 Nc6 6.Nxc6 dxc6 7.O-O e5 8.f4 Nf6
9.f5 b5 10.Be3 Be7 11.Nd2 Nd7 12.Qg4 O-O 13.Bh6 Bf6 14.Rf3 Re8 15.h4 Kh8
16.Bg5 Bb7 17.Nf1 Qe7 18.Ng3 h6 19.Be3 c5 20.Nh5 c4 21.Rg3 Rg8 22.Be2 Rac8
23.Rd1 Rcd8 24.Rxd7 Rxd7 25.Bxh6 g6 26.Nxf6 Qxf6 27.Bg5 Qb6+ 28.Be3 Qc6 29.h5 g5
30.Bxg5 Kh7 31.f6 Rd4 32.Bf3 Bc8 33.Qh4 Be6 34.Be3 Rdd8 35.Rg6  1-0

[Event "Bozen op"]
[Site "Bozen"]
[Date "1992.??.??"]
[Round "9"]
[White "Efimov, Igor"]
[Black "Forintos, Gyozo V"]
[Result "0-1"]
[WhiteElo "2470"]
[BlackElo "2445"]

1.e4 c5 2.Nf3 e6 3.d4 cxd4 4.Nxd4 a6 5.Bd3 g6 6.Be3 Bg7 7.Nd2 Ne7 8.f4 d6
9.O-O O-O 10.Qe1 Nbc6 11.c3 Bd7 12.N4f3 b5 13.Qh4 Nc8 14.Qf2 b4 15.Rac1 bxc3
16.bxc3 Rb8 17.Rc2 a5 18.Kh1 Nb6 19.f5 exf5 20.exf5 Nd5 21.fxg6 fxg6 22.Bg5 Qc8
23.Bc4 Be6 24.Qh4 Ne5 25.Bb3 Kh8 26.Re1 Bg8 27.Nxe5 dxe5 28.Ne4 a4 29.Bxa4 Qc4
30.Nd2 Qxh4 31.Bxh4 Rf4 32.c4 Rxh4 33.g3 Rg4 34.Bd7 Nb4 35.Rb2 Rd4 36.Bh3 Rbd8
37.Nf3 Rxc4 38.Rbe2 Nd3 39.Rf1 Rc1 40.Ng5 Bh6 41.Rxc1 Nxc1 42.Rxe5 Rd1+ 43.Kg2 Bd5+
44.Ne4 Rd4 45.Kf3 Nxa2 46.Be6 Rd3+ 47.Kg4 Bxe4 48.Rxe4 Nc3 49.Rc4 Nd1 50.Rc8+ Kg7
51.Kh3 Rd2 52.Bb3 Nf2+ 53.Kg2 Ne4+ 54.Kh3  0-1

[Event "Brno"]
[Site "Brno"]
[Date "1992.??.??"]
[Round "3"]
[White "Popovic, Petar"]
[Black "Bischoff, Klaus"]
[Result "0-1"]
[WhiteElo "2535"]
[BlackElo "2510"]

1.e4 c5 2.Nf3 e6 3.d4 cxd4 4.Nxd4 a6 5.Bd3 Nf6 6.O-O Qc7 7.Qe2 d6 8.c4 g6
9.Nc3 Bg7 10.Be3 O-O 11.Rac1 Nbd7 12.f3 b6 13.Rfd1 Bb7 14.Qf2 Rac8 15.Be2 Qb8
16.b4 Ba8 17.Nb3 Rfd8 18.Na4 Rc6 19.Rb1 Bf8 20.Rd2 Rdc8 21.Qf1 Be7 22.Kh1 Bd8
23.Rbd1 Be7 24.a3 Re8 25.Qf2 Rec8 26.Bf1 h5 27.Nb2 R6c7 28.Bf4 e5 29.Be3 b5
30.Na5 h4 31.Kg1 h3 32.g3 Nxe4 33.fxe4 Nf6 34.Bxh3 Nxe4 35.Qe2 bxc4 36.Nbxc4 Nxd2
37.Rxd2 f5 38.Bg2 Bxg2 39.Qxg2 Qb5 40.Nb6 f4 41.gxf4 Rc1+ 42.Kf2 Bh4+ 43.Kf3 e4+  0-1

[Event "Brno"]
[Site "Brno"]
[Date "1992.??.??"]
[Round "9"]
[White "Popovic, Petar"]
[Black "Stangl, Markus"]
[Result "1/2-1/2"]
[WhiteElo "2535"]
[BlackElo "2475"]

1.e4 c5 2.Nf3 e6 3.d4 cxd4 4.Nxd4 a6 5.Bd3 Bc5 6.Nb3 Ba7 7.Qe2 Nc6 8.Be3 d6
9.Nc3 Nf6 10.f4 b5 11.a4 b4 12.Nd1 O-O 13.Nf2 e5 14.f5 d5 15.O-O Bb7 16.Bxa7 Rxa7  1/2-1/2

[Event "Bucaramanga"]
[Site "Bucaramanga"]
[Date "1992.??.??"]
[Round "1"]
[White "Hernandez, Gilberto"]
[Black "Fernandes, Antonio"]
[Result "1-0"]
[WhiteElo "2495"]
[BlackElo "2440"]

1.e4 c5 2.Nf3 e6 3.d4 cxd4 4.Nxd4 a6 5.Bd3 Qc7 6.O-O Nf6 7.Qe2 d5 8.Nc3 Nc6
9.Be3 Be7 10.exd5 exd5 11.Nxc6 bxc6 12.Bc5 Bg4 13.Qe3 Be6 14.f4 Bxc5 15.Qxc5 Qa7
16.Na4 Kd8 17.Rfe1 Re8 18.b4 g6 19.Kf1 Qxc5 20.Nxc5 Bc8 21.a4 Rxe1+ 22.Kxe1 Nd7
23.Nb3 Rb8 24.c3 c5 25.Na5 Kc7 26.Rb1 Rb6 27.Kd2 Kd6 28.g3 Nf6 29.Kc1 Ng4
30.Rb2 c4 31.Bxc4 dxc4 32.Nxc4+ Kc7 33.Nxb6 Kxb6 34.Rd2 Ne3 35.Re2 Nc4 36.Kc2 Be6
37.Kd3 Nd6 38.Kd4 Bb3 39.a5+ Kc6 40.Re5 f6 41.Rc5+ Kb7 42.c4 Ba4 43.Kd5 Ne8
44.b5 f5 45.b6 Bd7 46.Kd4 Be6 47.Re5 Ng7 48.Kc5 Kb8 49.Re3 h6 50.h4 Kc8 51.Kd6  1-0

[Event "Bucharest-B"]
[Site "Bucharest"]
[Date "1992.??.??"]
[Round "?"]
[White "Munteanu, Alexandru"]
[Black "Badea, Bela"]
[Result "0-1"]
[WhiteElo "2330"]
[BlackElo "2435"]

1.e4 c5 2.Nf3 e6 3.d4 cxd4 4.Nxd4 a6 5.Bd3 Bc5 6.Nb3 Ba7 7.Qg4 Qf6 8.O-O Nc6
9.Qg3 Qg6 10.Qxg6 hxg6 11.Bf4 e5 12.Bd2 Nf6 13.Nc3 d6 14.h3 Be6 15.Rfe1 Rc8
16.Be3 Bxe3 17.Rxe3 g5 18.Rd1 g4 19.hxg4 Nxg4 20.Rg3 Nf6 21.Be2 Ke7 22.Rxg7 Rh6
23.g4 Rch8 24.Bf3 Rh4 25.Nd5+ Kf8 26.Nxf6 Kxg7 27.Nh5+ Kf8 28.Rxd6 Bxg4 29.Bxg4 Rxg4+
30.Ng3 Ke7 31.Rd5 Rd8 32.Rxd8 Kxd8 33.c3 Ne7 34.Kf1 Nc8 35.Na5 Nd6 36.Ke2 Kc7
37.Kd3 Rf4 38.Nc4 Nxc4 39.Kxc4 Rxf2 40.Kd5 Rxb2 41.Kxe5 Rxa2 42.Kf6 Rf2+
43.Nf5 a5  0-1

[Event "Bucharest-B"]
[Site "Bucharest"]
[Date "1992.??.??"]
[Round "?"]
[White "Moldovan, Daniel"]
[Black "Itkis, Boris"]
[Result "1/2-1/2"]
[WhiteElo "2435"]
[BlackElo "2450"]

1.e4 c5 2.Nf3 e6 3.d4 cxd4 4.Nxd4 a6 5.Bd3 Bc5 6.Nb3 Ba7 7.Nc3 Nc6 8.Qe2 d6
9.Be3 Nf6 10.O-O-O b5 11.Bxa7 Rxa7 12.e5 Nxe5 13.Bxb5+ axb5 14.Nxb5 Ba6 15.Qxe5 dxe5
16.Rxd8+ Kxd8 17.Nxa7 Kc7 18.a4 Kb6 19.Nb5 Bxb5 20.axb5 Kxb5 21.Re1 Nd7 22.Nd2 f6
23.b3 Nc5 24.Kb2 Rd8 25.Nc4 Na4+ 26.Kc1 Nc3 27.Nb2 Na2+  1/2-1/2

[Event "Bucharest-B"]
[Site "Bucharest"]
[Date "1992.??.??"]
[Round "?"]
[White "Miulescu, Gabriel"]
[Black "Vasilescu, Lucian"]
[Result "1/2-1/2"]
[WhiteElo "2365"]
[BlackElo "2430"]

1.e4 c5 2.Nf3 e6 3.d4 cxd4 4.Nxd4 a6 5.Bd3 Bc5 6.Nb3 Ba7 7.Qe2 Nc6 8.Be3 Nf6
9.Nc3 d6 10.O-O-O b5 11.Bxa7 Rxa7 12.Qe3 b4 13.Ne2 Bd7 14.f4 Qb8 15.Ned4 O-O
16.Nxc6 Bxc6 17.Na5 Rc8 18.Rhg1 e5 19.fxe5 Ng4 20.Qe2 Nxe5 21.Bxa6 Bb5 22.Qxb5 Qxb5
23.Bxb5 Rxa5 24.Be2 Rxa2 25.Rgf1 Ra1+ 26.Kd2 Rxd1+ 27.Rxd1 Kf8 28.Ra1 Rc5
29.Ra7 g6 30.Rb7 Nc6 31.Rd7 Nd4 32.Bd3 Rg5 33.Bf1 Rc5 34.Bd3 Rg5 35.Ke3 Nxc2+
36.Bxc2 Rxg2 37.Bb3 Rxb2 38.Bxf7 Rxh2 39.Bd5 b3 40.Rxd6 b2 41.Rb6 g5 42.e5 g4
43.Rb7 g3 44.e6 Rc2 45.Bf3 g2 46.e7+ Kf7 47.Bh5+ Kf6 48.e8=Q g1=Q+ 49.Kd3 Rd2+
50.Kxd2 Qg2+ 51.Be2 Qxb7 52.Qf8+ Ke5  1/2-1/2

[Event "Bucharest"]
[Site "Bucharest"]
[Date "1992.??.??"]
[Round "?"]
[White "Moldovan, Daniel"]
[Black "Lupu, Mircea Sergiu"]
[Result "1-0"]
[WhiteElo "2435"]
[BlackElo "2435"]

1.e4 c5 2.Nf3 e6 3.d4 cxd4 4.Nxd4 a6 5.Bd3 d6 6.Nc3 g6 7.Be3 Bg7 8.Qd2 Nc6
9.Be2 Nxd4 10.Bxd4 Nf6 11.O-O-O O-O 12.Be3 Ne8 13.Bh6 Bxh6 14.Qxh6 Bd7 15.h4 Qe7
16.Qg5 Qxg5+ 17.hxg5 Bc6 18.Rh4 f6 19.gxf6 Rxf6 20.f4 Rc8 21.Bc4 Bd7 22.Bb3 Rf7
23.Ne2 Rc5 24.Nd4 Ng7 25.Nf3 Ne8 26.Ng5 Re7 27.g4 Kh8 28.e5 dxe5 29.Nxh7 Kg8
30.Rxd7 Rxd7 31.Bxe6+ Rf7 32.Ng5 Nd6 33.b4 Rb5 34.a4 Rxb4 35.fxe5 Kf8 36.Rh8+ Ke7
37.exd6+  1-0

[Event "Budapest GM"]
[Site "Budapest"]
[Date "1992.??.??"]
[Round "?"]
[White "Leko, Peter"]
[Black "Hoffmann, Michael"]
[Result "1/2-1/2"]
[WhiteElo "2385"]
[BlackElo "2455"]

1.e4 c5 2.Nf3 e6 3.d4 cxd4 4.Nxd4 a6 5.Bd3 Nf6 6.O-O d6 7.Qe2 g6 8.f4 Bg7
9.Kh1 O-O 10.b3 e5 11.fxe5 Ng4 12.Bb2 Nc6 13.Nxc6 bxc6 14.Nd2 Nxe5 15.Nc4 Qe7
16.Nxe5 Bxe5 17.Bxe5 Qxe5 18.Bc4 a5 19.Rad1 Be6  1/2-1/2

[Event "Eurodata"]
[Site "Budapest"]
[Date "1992.??.??"]
[Round "2"]
[White "Brunner, Lucas"]
[Black "Stangl, Markus"]
[Result "0-1"]
[WhiteElo "2490"]
[BlackElo "2475"]

1.e4 c5 2.Nf3 e6 3.d4 cxd4 4.Nxd4 a6 5.Bd3 Bc5 6.Nb3 Ba7 7.Qe2 Nc6 8.Be3 d6
9.Bxa7 Rxa7 10.N1d2 Nf6 11.a4 b6 12.O-O O-O 13.a5 b5 14.c4 b4 15.f4 Bb7 16.Kh1 Re8
17.Qe3 Nd7 18.Rf3 Ra8 19.Rh3 f5 20.Qf2 Qf6 21.Rb1 Rf8 22.Bf1 Ne7 23.Re3 e5
24.fxe5 Nxe5 25.Ree1 Qh6 26.Qe3 Qxe3 27.Rxe3 Ng4 28.Ree1 fxe4 29.Nd4 Nf5
30.N2b3 Rf6 31.Kg1 Raf8 32.Nxf5 Rxf5 33.h3 Ne5 34.Rbd1 Rg5 35.Re3 Rf6 36.Be2 h6
37.Rc1 Ng6 38.Rd1 Nf4 39.Bf1 Rfg6 40.Rd2  0-1

[Event "Eurodata"]
[Site "Budapest"]
[Date "1992.??.??"]
[Round "4"]
[White "Sherzer, Alex"]
[Black "Stangl, Markus"]
[Result "1/2-1/2"]
[WhiteElo "2460"]
[BlackElo "2475"]

1.e4 c5 2.Nf3 e6 3.d4 cxd4 4.Nxd4 a6 5.Bd3 Bc5 6.Nb3 Ba7 7.O-O Nc6 8.Qg4 Nf6
9.Qh4 Ne5 10.Nc3 b5 11.Qg3 d6 12.Be3 b4 13.Ne2 Bb7 14.Bxa7 Rxa7 15.f4 Qb6+
16.Kh1 Ng6 17.Nd2 O-O 18.Qf2 Qxf2 19.Rxf2 e5 20.f5 Ne7 21.a3 d5 22.Ng3 h5
23.h4 bxa3 24.Rxa3 Rd8 25.Re2 Bc8 26.Kg1 Rc7 27.exd5 Rxd5 28.Nf3 e4 29.Nxe4 Nxe4
30.Bxe4 Rd1+ 31.Kf2 Nxf5 32.Bd3 g6 33.Bxa6 Bxa6 34.Rxa6 Rb1 35.b3 Rb2 36.Ne1 Nd4
37.Rd2 Nxc2 38.Rad6 Ra2 39.Nf3 Nb4 40.Rxa2 Nxa2 41.Ke3 Rb7 42.Nd4 Nc1 43.Rc6 Nxb3
44.Nxb3 Rxb3+ 45.Kf2 Rb4 46.g3 Kg7 47.Kf3 Rb5 48.Ra6 Rf5+ 49.Kg2 f6 50.Ra7+ Kh6
51.Rf7 g5 52.hxg5+ Kxg5 53.Rg7+ Kh6 54.Ra7 Rb5 55.Kf3 Kg5 56.Ra8 Rb3+ 57.Kg2 Kf5  1/2-1/2

[Event "Donau Cup op"]
[Site "Budapest"]
[Date "1992.??.??"]
[Round "6"]
[White "Meszaros, Attila"]
[Black "Kozlov, Oleg"]
[Result "0-1"]
[WhiteElo "2350"]
[BlackElo "2365"]

1.e4 c5 2.Nf3 e6 3.d4 cxd4 4.Nxd4 a6 5.Bd3 Nc6 6.Nxc6 dxc6 7.O-O e5 8.Be3 Nf6
9.h3 Be6 10.a4 Nd7 11.Qe2 b5 12.axb5 axb5 13.Rxa8 Qxa8 14.Nd2 Be7 15.Nf3 Qa2
16.b3 O-O 17.Nxe5 Nxe5 18.Bd4 Nxd3 19.Ra1 Nf4 20.Qd1 Bxb3 21.Rxa2 Bxa2 22.Bxg7 Kxg7
23.Qa1+ Bf6 24.Qxa2 Rd8 25.Qb3 Be5 26.g3 Ne6 27.Qf3 Rd2 28.c3 Rc2 29.Qg4+ Kf8
30.Qf5 Bxc3 31.e5 Re2 32.Qf3 Re1+ 33.Kg2 Bxe5 34.Qxc6 b4 35.f4 b3 36.Qb5 Bd6
37.Qxb3 Re2+ 38.Kf1 Rh2 39.Qd3 Bc5 40.f5 Nd4 41.f6 Ne6 42.Qxh7 Rf2+ 43.Ke1 Rxf6
44.Qh8+ Ke7 45.Qh4 Bd4 46.Ke2  0-1

[Event "Eurodata"]
[Site "Budapest"]
[Date "1992.??.??"]
[Round "6"]
[White "Madl, Ildiko"]
[Black "Stangl, Markus"]
[Result "1/2-1/2"]
[WhiteElo "2410"]
[BlackElo "2335"]

1.e4 c5 2.Nf3 e6 3.d4 cxd4 4.Nxd4 a6 5.Bd3 Bc5 6.Nb3 Ba7 7.Qe2 Nc6 8.Be3 d6
9.O-O Nf6 10.N1d2 O-O 11.Rfd1 Qc7 12.Nf1 Bxe3 13.Nxe3 b6 14.a4 Bb7 15.Nc4 d5
16.exd5 Nxd5 17.Qe4 g6 18.Bf1 Rfd8 19.Qh4 Rac8 20.c3 Nce7 21.Nd4 e5 22.Nc2 Nf5
23.Qg4 h5 24.Qg5 Kg7 25.N2e3 Ndxe3 26.Nxe3 Ne7 27.Nc4 f6 28.Qe3 Nd5 29.Qe1 Nf4
30.f3 Nd5 31.Qf2 Rb8 32.Rdc1 Rd7 33.Rd1 Rbd8 34.Ne3 Ne7 35.Rxd7 Rxd7 36.Nc4 Nc8
37.Ne3 Qc6 38.Bc4 Qc5 39.Re1 Ne7 40.Bb3 Qc7 41.Rd1 Rxd1+ 42.Bxd1 Qd7 43.Bc2 b5
44.axb5 axb5 45.h3 Bc6 46.Qe2 f5 47.Nd1 Qd6 48.Nf2 Nd5 49.Nd3 Kf6 50.Qf2 g5
51.Qa7 Qc7 52.Qa3 Qe7 53.Qa6 Qb7 54.Qa3 Qe7  1/2-1/2

[Event "Buehl rapid"]
[Site "Buehl"]
[Date "1992.??.??"]
[Round "4"]
[White "Vatter, Hans Joachim"]
[Black "Gerstner, Wolfgang"]
[Result "1/2-1/2"]
[WhiteElo "2280"]
[BlackElo "2405"]

1.e4 c5 2.Nf3 e6 3.d4 cxd4 4.Nxd4 a6 5.Bd3 Nc6 6.Nxc6 dxc6 7.Nd2 Qc7 8.a4 e5
9.Nc4 Bc5 10.Qh5 Bd4 11.c3 g6 12.Qf3 Ba7 13.Qg3 f6 14.a5 Be6 15.f4 O-O-O
16.fxe5 Bxc4 17.Bxc4 fxe5 18.Bg5 Re8 19.O-O-O h6 20.Qh3+ Kb8 21.Rd7 hxg5
22.Qxh8 Qxd7 23.Bxg8 Be3+ 24.Kb1 Qd3+ 25.Ka1 Qd8 26.Qh3 Rxg8 27.Qxe3 Qxa5+
28.Kb1 Qa4 29.Re1 Rd8 30.Qxg5 Rd1+  1/2-1/2

[Event "Buenos Aires"]
[Site "Buenos Aires"]
[Date "1992.??.??"]
[Round "?"]
[White "Brunner, Lucas"]
[Black "Panno, Oscar"]
[Result "1/2-1/2"]
[WhiteElo "2500"]
[BlackElo "2465"]

1.e4 c5 2.Nf3 e6 3.d4 cxd4 4.Nxd4 a6 5.Bd3 Bc5 6.Nb3 Ba7 7.Qe2 Nc6 8.Be3 Nf6
9.Bxa7 Rxa7 10.N1d2 d6 11.a4 b6 12.c3 O-O 13.O-O Re8 14.Rfe1 Qc7 15.h3 Ne5
16.Bc2 Bd7 17.Nd4 Rb8 18.Qe3 Raa8 19.f4 Ng6 20.f5 Ne5 21.Bb3 Re8 22.fxe6 fxe6
23.N4f3 h6 24.Kh1 Kh7 25.Nxe5 dxe5 26.Nc4 b5 27.Nb6 Rab8 28.Nxd7 Nxd7 29.axb5 Rxb5  1/2-1/2

[Event "Wch U20"]
[Site "Buenos Aires"]
[Date "1992.??.??"]
[Round "?"]
[White "Jepson, Christian"]
[Black "Spangenberg, Hugo"]
[Result "1-0"]
[WhiteElo "2295"]
[BlackElo "2535"]

1.e4 c5 2.Nf3 e6 3.d4 cxd4 4.Nxd4 a6 5.Bd3 Qc7 6.O-O Bc5 7.Nb3 Ba7 8.Qg4 Kf8
9.Nc3 Nf6 10.Qh4 d6 11.Kh1 b5 12.f4 Bb7 13.a4 b4 14.e5 bxc3 15.exf6 gxf6
16.f5 e5 17.Qxf6 Rg8 18.Bg5 cxb2 19.Rad1 Be3 20.h4 Bxg5 21.hxg5 Nd7 22.Qh6+ Ke8
23.Rfe1 f6 24.Nd4 Bxg2+ 25.Kxg2 Rxg5+ 26.Kh2 Qc5 27.Qh4 Qb4 28.Qxh7 Qxd4
29.Be4 Qf2+ 30.Kh1 Rc8 31.Rf1 Qe3 32.Bf3 Nf8 33.Bh5+ Kd8 34.Rxd6+  1-0

[Event "Buenos Aires FMDA"]
[Site "Buenos Aires"]
[Date "1992.??.??"]
[Round "1"]
[White "Cid, Marino Alejandro"]
[Black "Cativelli, Gerardo"]
[Result "1-0"]
[WhiteElo "2425"]
[BlackElo "2225"]

1.e4 c5 2.Nf3 e6 3.d4 cxd4 4.Nxd4 a6 5.Bd3 Bc5 6.Nb3 Ba7 7.Nc3 Nc6 8.Qe2 d6
9.Be3 Bxe3 10.Qxe3 Nf6 11.O-O-O O-O 12.f3 Qc7 13.g4 b5 14.Kb1 Rd8 15.g5 Nd7
16.f4 b4 17.Ne2 a5 18.h4 a4  1-0

[Event "Buenos Aires CA"]
[Site "Buenos Aires"]
[Date "1992.??.??"]
[Round "3"]
[White "Zarnicki, Pablo"]
[Black "Cativelli, Gerardo"]
[Result "1/2-1/2"]
[WhiteElo "2385"]
[BlackElo "2225"]

1.e4 c5 2.Nf3 e6 3.d4 cxd4 4.Nxd4 a6 5.Bd3 Bc5 6.Nb3 Ba7 7.O-O Nc6 8.Qe2 d6
9.Be3 Bxe3 10.Qxe3 Nf6 11.N1d2 O-O 12.a4 e5 13.a5  1/2-1/2

[Event "Buenos Aires CA"]
[Site "Buenos Aires"]
[Date "1992.??.??"]
[Round "6"]
[White "Fiorito, Fabian"]
[Black "Giardelli, Sergio C"]
[Result "1-0"]
[WhiteElo "2410"]
[BlackElo "2430"]

1.e4 c5 2.Nf3 e6 3.d4 cxd4 4.Nxd4 a6 5.Bd3 Bc5 6.Nb3 Ba7 7.Nc3 Nc6 8.Qe2 d6
9.Be3 Nf6 10.Bxa7 Rxa7 11.O-O-O b5 12.g4 b4 13.Na4 g6 14.f4 Qc7 15.g5 Nh5
16.Qe3 Bd7 17.Be2 Nxf4 18.Qxf4 Ne5 19.h4 Bxa4 20.h5 Bxb3 21.axb3 Qe7 22.hxg6 fxg6
23.Rd4 Nf7 24.Rxb4 O-O 25.Rh2 a5 26.Ra4 Ne5 27.Qe3 Raa8 28.Kb1 Rfc8 29.Qd4 Nf7
30.b4 axb4 31.Qxb4 Rxa4 32.Qxa4 Nxg5  1-0

[Event "Buenos Aires Najdorf qual"]
[Site "Buenos Aires"]
[Date "1992.??.??"]
[Round "8"]
[White "Fiorito, Fabian"]
[Black "Ricardi, Pablo"]
[Result "1/2-1/2"]
[WhiteElo "2410"]
[BlackElo "2465"]

1.e4 c5 2.Nf3 e6 3.d4 cxd4 4.Nxd4 a6 5.Bd3 Nf6 6.f4 d6 7.Nc3 Be7 8.O-O Nbd7
9.Nf3 Nc5 10.Qe1 b5 11.e5 Nxd3 12.cxd3 Nd7 13.Qg3 O-O 14.f5 exf5 15.Bh6 g6
16.Bxf8 Bxf8 17.d4 b4 18.Nd5 Bb7 19.Ne3 dxe5 20.Nxf5 e4 21.Ne5 Nxe5 22.dxe5 Qb6+
23.Kh1 Rd8 24.Qg5 Rd7 25.Ne3 h6 26.Qf4 Bg7 27.Ng4 e3 28.Nxe3 Qd4 29.Rad1 Qxf4
30.Rxf4 Re7 31.Rxb4 Bxe5 32.Nc4 Bg7 33.Nd6 Bd5 34.h3 Bxa2 35.Rb6 a5 36.Nb7 Re2
37.b3 Bc3 38.Rb5 h5 39.Nxa5 Bxa5 40.Rxa5 Bxb3 41.Rd8+ Kg7 42.Ra7 Be6 43.Rd4 Bf5  1/2-1/2

[Event "Calcutta"]
[Site "Calcutta"]
[Date "1992.??.??"]
[Round "5"]
[White "Konguveel, Ponnuswamy"]
[Black "Meetei, AB."]
[Result "1-0"]
[WhiteElo "2385"]
[BlackElo "2280"]

1.e4 c5 2.Nf3 e6 3.d4 cxd4 4.Nxd4 a6 5.Bd3 Nc6 6.Nxc6 bxc6 7.O-O d6 8.f4 Qc7
9.c4 c5 10.b3 Ne7 11.Bb2 Nc6 12.Qe2 Bb7 13.Nd2 e5 14.Qf2 g6 15.Kh1 Bh6 16.fxe5 dxe5
17.Nf3 O-O-O 18.Rad1 Qe7 19.a3 Rd7 20.Bc2 Rhd8 21.Rd5 f6 22.Qxc5 Qxc5 23.Rxc5 Rd2
24.Nxd2 Rxd2 25.Bc1 Rxc2 26.Bxh6 Kb8 27.Rxf6 Re2 28.h3 Nd4 29.Rf8+ Ka7 30.Rxe5 Bxe4
31.Re7+ Kb6 32.Rf6+ Nc6 33.Ree6 Bxg2+ 34.Kg1 Rxe6 35.Rxe6 Bxh3 36.Rf6 Kb7
37.Rf7+ Kc8 38.Rxh7 Na5 39.Rh8+ Kd7 40.Bd2  1-0

[Event "Cannes op"]
[Site "Cannes"]
[Date "1992.??.??"]
[Round "?"]
[White "Boudre, Jean Pierre"]
[Black "Kirov, Nino"]
[Result "0-1"]
[WhiteElo "2380"]
[BlackElo "2470"]

1.e4 c5 2.Nf3 e6 3.d4 cxd4 4.Nxd4 a6 5.Bd3 Bc5 6.Nb3 Ba7 7.Qe2 Nc6 8.Be3 Nf6
9.Bxa7 Rxa7 10.Nc3 d6 11.f4 e5 12.f5 b5 13.O-O Ne7 14.Rae1 Bb7 15.a3 Ba8
16.Nd2 Qb6+ 17.Kh1 O-O 18.Nd5 Re8 19.c4 Nc6 20.Nc3 Nd4 21.Qf2 b4 22.Nd5 Bxd5
23.cxd5 Rc8 24.Nc4 Qd8 25.Qd2 bxa3 26.bxa3 Rb7 27.Na5 Rb2 28.Qg5 h6 29.Qh4 Rc3
30.Re3 Rd2 31.Qh3 Rcxd3  0-1

[Event "JUG-chT"]
[Site "Cetinje"]
[Date "1992.??.??"]
[Round "?"]
[White "Dolmatov, Sergey"]
[Black "Barlov, Dragan"]
[Result "1-0"]
[WhiteElo "2610"]
[BlackElo "2475"]

1.e4 e6 2.d4 c5 3.Nf3 cxd4 4.Nxd4 a6 5.Bd3 Nf6 6.O-O d6 7.c4 Nc6 8.Nxc6 bxc6
9.Nc3 e5 10.f4 exf4 11.Bxf4 Be7 12.Kh1 O-O 13.Be2 Be6 14.Qd3 Qb6 15.b3 Rfd8
16.Rad1 Qa5 17.Qg3 Ne8 18.Rd2 Bf6 19.Na4 c5 20.Rdd1 Bd7 21.Bd2 Qc7 22.Nc3 Be5
23.Bf4 Bxf4 24.Rxf4 Bc6 25.Rdf1 Ra7 26.Bg4 Kh8 27.Qh4 f6 28.Nd5 Bxd5 29.exd5 g5
30.Qh6 Qg7 31.Qxg7+ Kxg7 32.Re4 Kf8 33.Bf5 h6 34.Bg6 Re7 35.Rxe7 Kxe7 36.Re1+ Kd7
37.Re6 Nc7 38.Rxf6 Kc8 39.h3 Kb7 40.Kh2 a5 41.Kg3  1-0

[Event "JUG-chT"]
[Site "Cetinje"]
[Date "1992.??.??"]
[Round "?"]
[White "Matulovic, Milan"]
[Black "Ristic, Nebojsa"]
[Result "1/2-1/2"]
[WhiteElo "2450"]
[BlackElo "2410"]

1.e4 c5 2.Nf3 e6 3.d4 cxd4 4.Nxd4 a6 5.Bd3 Nc6 6.Nxc6 dxc6 7.f4 e5 8.f5 Bc5
9.Qf3 Nf6 10.Be3 Qb6 11.Bxc5 Qxc5 12.Nd2 a5 13.O-O-O a4 14.a3 b5 15.c3 Bd7
16.Rde1 Ke7 17.Qe3 Qxe3 18.Rxe3 Ne8 19.Nf3 f6 20.g4  1/2-1/2

[Event "JUG-chT"]
[Site "Cetinje"]
[Date "1992.??.??"]
[Round "?"]
[White "Saric, Igor"]
[Black "Miladinovic, Igor"]
[Result "1/2-1/2"]
[WhiteElo "2270"]
[BlackElo "2415"]

1.e4 c5 2.Nf3 e6 3.d4 cxd4 4.Nxd4 a6 5.Bd3 Ne7 6.O-O Nec6 7.Nxc6 Nxc6 8.f4 Be7
9.b3 d6 10.Bb2 Bf6 11.c3 O-O 12.Qe2 Re8 13.Na3 Qc7 14.Nc4 g6 15.Ne3  1/2-1/2

[Event "USA-op"]
[Site "Dearborn"]
[Date "1992.??.??"]
[Round "9"]
[White "Langreck, John"]
[Black "Kudrin, Sergey"]
[Result "0-1"]
[WhiteElo "2245"]
[BlackElo "2580"]

1.e4 c5 2.Nf3 e6 3.d4 cxd4 4.Nxd4 a6 5.Bd3 Qc7 6.O-O Nf6 7.c4 Nc6 8.Nxc6 dxc6
9.f4 e5 10.f5 Bc5+ 11.Kh1 h5 12.Nc3 Ng4 13.Qe1 b5 14.Nd1 Bb7 15.Ne3 O-O-O
16.Nxg4 Rxd3 17.Nf2 Rd7 18.cxb5 cxb5 19.Be3 Bxe3 20.Qxe3 Kb8 21.a4 bxa4 22.Rxa4 Rc8
23.Ra3 Qc5 24.Qxc5 Rxc5 25.Rd3 Rxd3 26.Nxd3 Rc2 27.Re1 f6 28.h4  0-1

[Event "EU-chT (Men)"]
[Site "Debrecen"]
[Date "1992.??.??"]
[Round "2"]
[White "Donchev, Dimitar I"]
[Black "Ionescu, Constantin"]
[Result "1/2-1/2"]
[WhiteElo "2520"]
[BlackElo "2465"]

1.e4 c5 2.Nf3 e6 3.d4 cxd4 4.Nxd4 a6 5.Bd3 Nf6 6.O-O Qc7 7.c4 Nc6 8.Nf3 b6
9.Nc3 Bd6 10.Bd2 Bb7 11.h3 h5 12.Rc1 Ne5 13.Nxe5 Bxe5 14.Re1  1/2-1/2